Science k Purisrar Waqiyat aur Inkishafaat (Record no. 541202)
[ view plain ]
| 000 -LEADER | |
|---|---|
| fixed length control field | 00307nam a22001097a 4500 |
| 082 ## - DEWEY DECIMAL CLASSIFICATION NUMBER | |
| Classification number | 001.94 |
| Author Mark | KAR |
| 100 ## - MAIN ENTRY--PERSONAL NAME | |
| Personal name | Karim, Dr. Fazal |
| 245 ## - TITLE STATEMENT | |
| Title | Science k Purisrar Waqiyat aur Inkishafaat |
| 260 ## - PUBLICATION, DISTRIBUTION, ETC. | |
| Linkage | Lahore |
| Place of publication, distribution, etc. | Feroze Sons Ltd |
| Date of publication, distribution, etc. | 2009 |
| 942 ## - ADDED ENTRY ELEMENTS (KOHA) | |
| Source of classification or shelving scheme | |
| Koha item type | Book |
| Withdrawn status | Lost status | Source of classification or shelving scheme | Damaged status | Not for loan | Permanent Location | Current Location | Date acquired | Total Checkouts | Full call number | Barcode | Date last seen | Date last checked out | Price effective from | Koha item type |
|---|---|---|---|---|---|---|---|---|---|---|---|---|---|---|
| School of Civil and Environmental Engineering (SCEE) | School of Civil and Environmental Engineering (SCEE) | 12/21/2020 | 1 | 001.94 KAR | NIT-7231 | 01/14/2021 | 12/21/2020 | 12/21/2020 | Book |
